Language Quiz

Random Language Quiz

Subjonctif 5A etc Quiz Stats

 Plays Quiz not verified by Sporcle

Support Sporcle.
Go Orange.
Score 0/18 Timer 15:00
0 Plays Today
% Correct
???
95.4%
???
83.8%
???
83.2%
???
78.7%
???
76.6%
???
75.1%
???
74.6%
???
72.6%
???
72.6%
% Correct
???
71.1%
???
70.1%
???
69.5%
???
68.8%
???
68.2%
???
67%
???
65.9%
???
52.9%
???
52.9%

You're not logged in!

Compare scores with friends on all Sporcle quizzes.
OR
Log In

From the Vault

'80s Songs by Two Lyrics

by Hullabaloo

These songs would be drastically different with only two lyrics.
Remove Ads.
Support Sporcle.
Get the best of Sporcle when you Go Orange. This ad-free experience offers more features, more stats, and more fun while also helping to support Sporcle. Thank you for becoming a member.

Show Comments

Extras

Created Feb 11, 2018ReportNominate

Top Quizzes Today


Score Distribution

Your Account Isn't Verified!

In order to create a playlist on Sporcle, you need to verify the email address you used during registration. Go to your Sporcle Settings to finish the process.

Report this User

Report this user for behavior that violates our Community Guidelines.

Details: